Entwicklung der grundlegenden strategieebenen innerhalb eines strategieportfolios für die möbelindustrie

Enregistré dans:
Détails bibliographiques
Auteur principal: Büssing, Maik
Format: Chapitre de livre
Langue:allemand
Sujets:
Tags: Ajouter un tag
Pas de tags, Soyez le premier à ajouter un tag!

MARC

LEADER 00000nla$a2200000$$$4500
001 0124331
005 20240502072414.4
041 0 |a ger 
044 |a SK 
245 1 0 |a Entwicklung der grundlegenden strategieebenen innerhalb eines strategieportfolios für die möbelindustrie  |c Maik Büssing 
610 2 0 |a marketing manažment 
610 2 0 |a manažment sortimentný 
610 2 0 |a stratégia marketingová 
610 2 0 |a plán marketingový 
610 2 0 |a priemysel nábytkársky 
610 2 0 |a výroba nábytku 
610 2 0 |a ciele riadenia 
100 1 |a Büssing, Maik